000 00830cab a2200217 4500
001 WB2706-41
008 090401t1991 xxu||||| |||| 00| 0 eng d
035 _a(Sirsi) u2310
041 _aeng
245 _aDamages for unlawful eviction
260 _c1991
350 _a0
490 _aEGCS
_v1991 5 (2/2/91)
520 _aIn Tagro v Cafane and another , CA 23 January 1991, it was held that the defendants were liable to pay damages to the plaintiff after regaining possession of a flat by breaking down the front door and stealing possessions, following an injunction ordering them to provide the plaintiff with a key after changing the locks .
650 _aREPOSSESSION
650 _aRESIDENTIAL TENANCY
650 _aUNLAWFUL EVICTION
690 _aLANDLORD AND TENANT-CASE LAW
942 _n0
948 _c04/03/1997
999 _c1396
_d1396